[Event "Eastern Asia-ch U10"]
[Site "Tornelo INT"]
[Date "2021.10.29"]
[Round "2"]
[White "Ziyang, Jin"]
[Black "Nguyen, Hoang Khanh"]
[Result "0-1"]
[WhiteElo "1071"]
[BlackElo "1394"]
[PlyCount "108"]
[EventDate "2021.10.29"]
[EventType "swiss"]
[EventRounds "9"]
[EventCountry "NET"]
[SourceTitle "EXT 2023"]
[Source "ChessBase"]
[SourceDate "2022.10.05"]
[SourceVersion "1"]
[SourceVersionDate "2022.10.05"]
[SourceQuality "1"]

1. c4 c6 2. Nc3 Nf6 3. Nf3 d5 4. e3 e6 5. d4 Nbd7 6. Be2 Bd6 7. cxd5 exd5 8. 0-0 0-0 9. a3 Re8 10. b4 Ne4 11. Bb2 a6 12. Na4 Qc7 13. Rc1 Nf8 14. Nc3 Nxc3 15. Rxc3 Bf5 16. h3 Ng6 17. Ne1 Qd7 18. Qd2 h6 19. f4 Be4 20. Bf3 Bxf3 21. Nxf3 f6 22. Qc2 Nf8 23. f5 Nh7 24. Nh4 Bg3 25. Ng6 Ng5 26. Rb3 Qd6 27. Qd1 Bh2+ 28. Kh1 Ne4 29. Nf4 Bxf4 30. Rxf4 Qxf4 31. exf4 Nf2+ 32. Kh2 Nxd1 33. Bc1 Nf2 34. a4 Ne4 35. b5 axb5 36. axb5 Ra1 37. Bb2 Rb1 38. bxc6 bxc6 39. Rb4 Nd2 40. Bc3 Rxb4 41. Bxb4 Nb3 42. Bc3 Re3 43. Bb2 Rd3 44. Bc1 Nxc1 45. g4 Rxd4 46. g5 Rxf4 47. gxh6 gxh6 48. h4 d4 49. Kg3 Ne2+ 50. Kg2 d3 51. h5 d2 52. Kh2 d1Q 53. Kg2 Qg1+ 54. Kh3 Qg3# 0-1